LEADER 00840nam a2200205 i 4500 001 000000154173 003 CaOOAMICUS 005 20061011000000.0 008 061011s1931 it u000 u fre u 013 $a131519 040 $aSeMil$bita 100 1 $aHautec?ur, Louis.$0(OLS)http://semarc/name/60330 245 14$aLes primitifs italiens /$cLouis Hautec?ur conservateur du Musée National du Luxembourg. 260 $aParis :$bH. Laurens,$c1931. 300 $a292 p., [60] p. di tav. :$bill. ;$c26 cm. 650 4$aPittura italiana - Storia - Sec. 14.$0(OLS)http://semarc/subject/24733 850 $aSeMil 852 $aSeMil$W1$xVenegono$y1$m5R VII 9$j106036$B106036$CSeMilBibl$Z2$F115246 $81 996 $6245$aLes primitifs italiens$9(OLS)http://semarc/title/225607 996 $6260$aParis :$bH. Laurens$9(OLS)http://semarc/publisher/35695 LEADER 00977nam a2200253 i 4500 001 000000076276 003 CaOOAMICUS 005 20250903094239.0 008 001120s1986 it u000 u ita u 013 $a47448 040 $aSeMil$bita 100 1 $aBoiardo, Matteo Maria,$d<1441-1494>.$0(OLS)http://semarc/name/3653 245 10$aOpere /$cMatteo Maria Boiardo ; a cura di Ferruccio Ulivi. 264 1$aMilano :$bMursia,$c1986. 300 $aXLV, 1268 p. ;$c21 cm. 490 1 $aI classici italiani ;$v13 700 1 $aUlivi, Ferruccio,$d<1912-2002>.$0(OLS)http://semarc/name/17349 830 2$aI classici italiani ;$v13.$0(OLS)http://semarc/title/24587 850 $aSeMil 852 $aSeMil$W1$xVenegono$y1$m1I IV 4$j42428$B42428$CSeMilBibl$Z2$F42432 $81 961 $aRecupero: Ciprandi dott. Paolo 996 $6245$aOpere$9(OLS)http://semarc/title/2208 996 $6264$aMilano :$bMursia$9(OLS)http://semarc/publisher/30230